Happier Than Ever - Billie Eilish (All Lyrics) - Statistics

General Stats
  • This quiz has been taken 10,727 times
  • The average score is 254 of 329
Answer Stats
Happier Than Ever % Correct
I
100%
a
99%
you
99%
You
99%
ever
98%
Be
96%
me
96%
do
95%
Do
95%
happier
95%
Happier
95%
i'm
95%
I'm
95%
than
95%
to
95%
To
95%
in
94%
Was
94%
was
94%
my
93%
Chorus When
93%
when
93%
the
92%
could
91%
from
91%
on
91%
your
90%
away
89%
it
89%
better
88%
Wish
88%
wish
88%
an
86%
Don't
86%
don't
86%
So
86%
about
85%
were
85%
true
84%
wasn't
83%
explain
82%
or
82%
Or
82%
made
80%
Made
80%
And
78%
way?
77%
Cause
76%
cause
76%
said
76%
what
76%
What
76%
never
75%
Never
75%
of
75%
shit
75%
that
75%
call
74%
fuckin'
74%
tell
74%
drunk
73%
again
72%
day
72%
Verse 1 Give
72%
this
72%
I'd
71%
two
71%
under
71%
but
70%
But
70%
Drivin'
70%
think
70%
Benz
69%
city
69%
hate
69%
influence
69%
letter
69%
home
68%
internet
68%
myself
68%
something
68%
talk
68%
write
68%
no
67%
read
67%
relate
67%
up
66%
friends
65%
any
64%
death
64%
scared
64%
treat
64%
bad
63%
even
63%
listen
62%
shitty
62%
breath
61%
clever
61%
every
61%
only
61%
told
61%
anything
60%
avenue?
60%
em'
60%
interviews?
60%
anyone
58%
passin'
58%
asked
57%
did
57%
everything
57%
make
57%
wastin'
57%
knew
56%
skip
56%
through
56%
all
55%
cool
55%
tellin'
55%
opposite
54%
say
54%
embarrassing
53%
sad
52%
You'd
52%
you'd
52%
have
51%
shit's
51%
know
50%
time
50%
afraid
47%
end
46%
fair
46%
if
46%
more
46%
feel
45%
isn't
45%
try
45%
waste
45%
miserable
44%
really
44%
clearly
43%
wanna
43%
aware
41%
weren't
40%
showed
39%
empty
37%
Just
36%
line
35%
alone
34%
leave
34%
for
32%
good
31%
ruined
30%
mind
29%
own
29%
Always
28%
kid
28%
misunderstood
28%
mother
28%
moments
27%
out
26%
shut
26%
paid
25%
No matching quizzes found
Score Distribution
Percent of People with Each Score
Percentile by Number Answered
Your Score History
You have not taken this quiz